Double movements and pendular forces: polanyian perspectives on the neoliberal age /

Shranjeno v:
Bibliografske podrobnosti
Glavni avtor: Dale, Gareth
Drugi avtorji: gareth.dale@brunel.ac.uk
Format: Texto
Oznake: Označite
Brez oznak, prvi označite!

MARC

LEADER 00000 a a2200000 04500
001 44824
003
040
100 |a Dale, Gareth  
245 |a Double movements and pendular forces:   |b polanyian perspectives on the neoliberal age /  |c Gareth Dale  
700 |a gareth.dale@brunel.ac.uk  
773 |g volumen60, número1 ( , 2012), páginas 3-27  
999 |c 28716  |d 28716